000 01120nam0a22002891 4500
001 rc\639563
005 20250621193555.0
035 _a(NLR Aleph) 005881032
090 _a6078197
_c6078197
100 _a20031121d1986 |||y0rusy50 ca
101 0 _arus
102 _aRU
105 _aa |||||||||
200 1 _aУльтрафильтрационные процессы выделения биологически активных веществ
210 _aМ.
_cЦБНТИмедпром
_d1986
215 _a32 с.
_cил.
_d22
225 1 _aХимико-фармацевтическая промышленность
_eОбзор. информ.
_fЦБНТИ мед. пром-сти
_vВып. 6
300 _aНа обл. авт. не указаны
300 _aВ надзаг. также: М-во мед. и микробиол. пром-сти
320 _aБиблиогр.: с. 29-32
700 1 _aПарр
_bГ.С.
_gГалина Семеновна
701 1 _aРожанская
_bТ.И.
801 0 _aRU
_bNLR
_gpsbo
801 1 _aRU
_bELAR
_2rusmarc
852 _aNLR
_jП22/3178
942 _cBOOK
980 _aNB